Industrial and business space development : Implementation and urban renewal

Bibliographic Details
Other Authors: Morley, Stuart
Format: Book
Published: London : E & F. N. Spon , 1989
Subjects:

MARC

LEADER 00000cam a2200000 7i4500
001 0000004342
005 20050623.0
020 |a ISBN 041914790X 
040 |a INS 
090 0 0 |a HT178.   |b G7153 1989 
245 0 0 |a Industrial and business space development :   |b Implementation and urban renewal   |c Edited by Stuart Morley 
260 |a London :   |b E & F. N. Spon ,   |c 1989 
300 |a 303p 
650 0 0 |a Industrial properties 
700 1 |a Morley, Stuart 
999 |a 0000006226   |b BOOK   |c Open Shelf   |e Default branch